000 00725nam a2200229 a 4500
005 20240911064118.0
008 010924s2000 mx r 000 0 spa d
020 _a968411477X
035 _aUPN01000111972
049 _aCG
050 4 _aHD1491 M6
_bC7.6
245 0 0 _aCrónicas del sur :
_butopías campesinas en Guerrero /
_cRosario Cobo ... [et al.] ; comp. Armando Bartra.
260 _aMéxico :
_bEra,
_c2000.
300 _a428 p. :
_bil.
440 0 _aProblemas de México
650 4 _aCOOPERATIVAS AGRICOLAS -
_zMEXICO
_912390
650 2 _aCampesinos
_zMéxico
_95335
650 4 _aCOOPERATIVISMO
_912423
700 1 _aCobo, Rosario,
_ecoaut.
700 1 _aBartra, Armando,
_d1941-
_ecomp.
_937076
905 _aLibro
999 _c85880
_d85880